000 00920nam a2200253 a 4500
001 000024524
005 20200930023223.0
008 110128s1973 sp r 001 0 spa d
040 _aDO-SdBNP
_bspa
_cBNPHU
082 _axxxxx
_bM219d
100 1 _aMailhiot, Bernard
_950253
245 1 0 _aDinámica y génesis de grupos /
_cBernard Mailhiot ; Ubaldo Martínez.
250 _a2a ed.
260 _aMadrid :
_bMarova,
_c1973.
300 _a183 p. ;
_c21 cm.
490 1 _aBiblioteca Marova de Estudios del Hombre ;
_v2
500 _aIncluye índice de temas, autores y obras citadas.
500 _aIncluye bibliografía p. [159-169].
504 _aIncluye referencias bibliográficas y notas al pie de las páginas.
534 _pTítulo original:
_tDinamique et genése de groupes.
700 1 _aMartínez, Ubaldo,
_etr.
_950254
830 0 _aBiblioteca Marova de Estudios del Hombre ;
_n2
_950255
049 _aBNGR
999 _c24017
_d24017